| 000 | 00907nam a2200241 i 4500 | ||
|---|---|---|---|
| 001 | 53450 | ||
| 003 | ES-MaACL | ||
| 005 | 20230906162753.0 | ||
| 007 | t| | ||
| 008 | 950927s1863 sp ab ||||1| spa d | ||
| 100 | 1 |
_aEstrada, Luis de. _948203 |
|
| 245 | 1 | 3 |
_aLa India neerlandesa, sus posesiones y establecimientos en el archipiélago de Asia / _cpor el Excmo. Sr. D. Luis de Estrada. |
| 250 | _a2ª ed. | ||
| 260 |
_aMadrid : _b[s.n.], _c1863 ( _fImp. y Estereotipia de M. Rivadeneyra) |
||
| 300 |
_a396 p., [1] h. pleg. de mapa ; _c19 cm. |
||
| 530 | _aDisponible en formato digital. | ||
| 599 | _aMapa: "Carta de la isla de Java" | ||
| 651 | 4 |
_aJava- _xDescripción. _9170550 |
|
| 651 | 4 |
_aSumatra- _xDescripción. _9159937 |
|
| 651 | 4 |
_aBorneo- _xDescripción. _9170551 |
|
| 852 |
_aES-MaACL _jG-8762 |
||
| 856 |
_uhttp://bdh-rd.bne.es/viewer.vm?id=0000123964&page=1 _zBiblioteca Digital Hispánica |
||
| 999 |
_c53450 _d53450 |
||